Associez le footballeur à son pays - Clic Quiz - Partie 2 - Statistiques

Statistiques générales
  • Ce quiz a été pris 1 223 fois
  • Le résultat moyen est 32 sur 40
Statistiques - réponses
Hint Réponse % Correct
Achraf Hakimi Maroc
93%
Riyad Mahrez Algérie
91%
Edinson Cavani Uruguay
91%
Ivan Rakitic Croatie
90%
Keylor Navas Costa Rica
89%
Claude Makelele France
89%
David Luiz Brésil
88%
Pierre-Emerick Aubameyang Gabon
88%
Hiroki Sakai Japon
88%
Miroslav Klose Allemagne
87%
Alphonso Davies Canada
87%
Ruud Gullit Pays-Bas
87%
Granit Xhaka Suisse
87%
Oleksandr Zinchenko Ukraine
87%
Arturo Vidal Chili
86%
Ji-Sung Park Corée du Sud
86%
Mauro Icardi Argentine
85%
Juan Cuadrado Colombie
85%
Burak Yilmaz Turquie
85%
Edin Dzeko Bosnie-Herzégovine
84%
Juan Mata Espagne
82%
Martin Odegaard Norvège
81%
Eric Choupo-Moting Cameroun
80%
Guillermo Ochoa Mexique
80%
Rui Costa Portugal
79%
Moise Kean Italie
77%
Mehdi Taremi Iran
76%
Roy Keane Irlande
76%
Wilfried Zaha Côte d'ivoire
75%
George Weah Libéria
75%
Gheorghe Hagi Roumanie
75%
Patrik Schick République Tchèque
73%
Emil Forsberg Suède
72%
Abedi Pelé Ghana
70%
Michael Laudrup Danemark
68%
Tim Cahill Australie
66%
Michel Preud'homme Belgique
63%
Tim Howard Etats-Unis
63%
Zbigniew Boniek Pologne
59%
Kevin Keegan Angleterre
55%
Aucun quiz correspondant
Distribution des résultats
% des personnes avec chaque résultat
Percentile par nombre de réponses
Votre historique - résultats
Vous n’avez pas pris ce quiz